|
|
|
|
| LEADER |
00626cam a2200205 a 4500 |
| 001 |
0000080142 |
| 005 |
20060606090000.0 |
| 040 |
|
|
|a mod
|
| 041 |
|
|
|a eng
|
| 020 |
0 |
0 |
|a 1842770713
|
| 090 |
0 |
0 |
|a 331
|b MUN
|e 2002
|
| 100 |
1 |
0 |
|a Munck
|h Ronaldo
|
| 245 |
1 |
4 |
|a Globalisation and labour
|b the new "great transformation"
|c Ronaldo Munck
|
| 260 |
0 |
0 |
|a London
|b Zed Books
|c 2002
|
| 300 |
0 |
0 |
|a xiii, 216 p.
|c 23 cm
|
| 500 |
0 |
0 |
|a Includes bibliographical references and index
|
| 650 |
0 |
0 |
|a Globalization
|
| 650 |
0 |
0 |
|a International labor activities
|
| 852 |
0 |
0 |
|a 01
|
| 999 |
|
|
|a 0243464
|b KEMENTAH
|d BOOKS
|e Umum
|f Perpustakaan KEMENTAH
|j AVAILABLE
|q GOOD CONDITION
|